000 00883nam a2200289 a 4500
008 910503s1989 fr a 001 0 fre
010 _a 91149045
020 _a2863913255
040 _aDLC
_cDLC
050 0 0 _aD421
_b.M38 1989
082 0 0 _a909.82
_220
092 0 4 _a909.82
_bM5334 1989
_221
099 _a04
_a909.82 M5334 1989
245 0 0 _aMemorables du 20e siecle /
_csous la direction d'Ali Kadjar, avec Jean-Franًcois Colosimo.
260 _aParis :
_bEditiono 1 :
_bKian,
_cc1989.
300 _a479 p. :
_bill. ;
_c30 cm.
500 _aIncludes index.
650 0 _aHistory, Modern
_y20th century.
700 1 _aColosimo, Jean-Franًcois.
700 1 _aKadjar, Ali.
740 0 _aMemorables du vingtiلeme siecle.
902 _a1
905 _aJamal
_eRev.
905 _aJihan
_eCat.
942 _2ddc
_cBK
999 _c131941
_d131941